000 00613nam a22002417a 4500
003 UA-OsUOA
001 65565
007 ta
008 20091130b un ||||| |||| 00| 0 ukr d
100 _aБабуллаогли С.
090 _a821.161.2
_bБ12
942 _cBK
040 _aUA-OsUOA
_bukr
_cUA-OsUOA
_dUA-OsUOA
245 _aГімн людей у масках
300 _a95 с.
955 _a2
041 _aukr
080 _a821.161.2
020 _a978-966-359-222-0
260 _aК.
_c2009
650 7 _a82 Література. Літературознавство
_2UDC
999 _c351576
_d351576